000 00335nam a22001457a 4500
003 SGT
020 _a9789382711186
082 _a923.154
_bN14V
100 _aVERMA, SUDESH
245 _aNARENDRA MODI:THE GAME CHANGER
260 _aINDIA
_bVITASTA PUB.
_c2014
300 _a429
650 _aPRIME MINISTER OF INDIA
942 _2ddc
_cBK
999 _c25928
_d25928